[Event "16. Obert Internacional Sant Martí 2014"]
[Site "Barcelona ESP"]
[Date "2014.07.13"]
[Round "1.1"]
[White "Dalo, Hermes"]
[Black "Bachmann, Axel"]
[Result "0-1"]
[WhiteElo "2226"]
[BlackElo "2652"]
[PlyCount "54"]
[EventDate "2014.07.13"]
[EventType "swiss"]
[EventRounds "9"]
[EventCountry "ESP"]
[Source "lmi"]
[SourceDate "2014.07.13"]

1. d4 Nf6 2. Bg5 d5 3. Bxf6 gxf6 4. e3 Bg7 5. c4 dxc4 6. Bxc4 O-O 7. Ne2 c5 8.
O-O cxd4 9. Nxd4 f5 10. Nc3 e6 11. Qd2 b6 12. Rad1 Bb7 13. Qe2 Qe7 14. Bd3 Kh8
15. f3 Rg8 16. Qf2 Nd7 17. Rfe1 Ne5 18. Bf1 Rad8 19. Kh1 Bf6 20. Nde2 Bh4 21.
Ng3 Rc8 22. Nb5 Rg6 23. Nd4 Rcg8 24. Nde2 Ba6 25. Nf4 Rxg3 26. hxg3 Bxg3 27.
Qd2 Bxf4 0-1

[Event "16. Obert Internacional Sant Martí 2014"]
[Site "Barcelona ESP"]
[Date "2014.07.13"]
[Round "1.2"]
[White "Cori, Jorge"]
[Black "Andersen, Alf R"]
[Result "1-0"]
[WhiteElo "2608"]
[BlackElo "2214"]
[PlyCount "49"]
[EventDate "2014.07.13"]
[EventType "swiss"]
[EventRounds "9"]
[EventCountry "ESP"]
[Source "lmi"]
[SourceDate "2014.07.13"]

1. c4 f5 2. d4 Nf6 3. Nf3 g6 4. Nc3 Bg7 5. e3 O-O 6. Be2 b6 7. O-O Bb7 8. b4 e6
9. a4 Nc6 10. Ba3 Ne7 11. b5 h6 12. Rc1 g5 13. d5 Ne4 14. Nxe4 fxe4 15. Nd4
exd5 16. cxd5 Bxd5 17. Bg4 Kh8 18. Nf5 Rxf5 19. Bxf5 d6 20. Bg4 Bb7 21. Qc2 c5
22. bxc6 Bxc6 23. Rfd1 Be5 24. Bb2 Qe8 25. Rxd6 1-0

[Event "16. Obert Internacional Sant Martí 2014"]
[Site "Barcelona ESP"]
[Date "2014.07.13"]
[Round "1.3"]
[White "Lasinskas, Povilas"]
[Black "Peralta, Fernando"]
[Result "0-1"]
[WhiteElo "2212"]
[BlackElo "2596"]
[PlyCount "116"]
[EventDate "2014.07.13"]
[EventType "swiss"]
[EventRounds "9"]
[EventCountry "ESP"]
[Source "lmi"]
[SourceDate "2014.07.13"]

1. d4 d5 2. c4 e6 3. Nc3 Bb4 4. e3 Nf6 5. Bd3 c5 6. Nge2 O-O 7. O-O cxd4 8.
exd4 dxc4 9. Bxc4 Nc6 10. Bg5 Be7 11. a3 b6 12. Qd3 Bb7 13. Rad1 Rc8 14. Ba2
Re8 15. b4 Nd5 16. Nxd5 Bxg5 17. Ne3 Ne7 18. f4 Bf6 19. Ng4 Nf5 20. Ne5 Bd5 21.
Bb1 g6 22. Ng3 Nd6 23. Qe3 Nc4 24. Nxc4 Rxc4 25. Ne2 Rc7 26. Rc1 Rxc1 27. Rxc1
Qa8 28. g4 Rd8 29. g5 Bg7 30. Kf2 Bh1 31. h4 h5 32. Rd1 Qg2+ 33. Ke1 Qg4 34.
Be4 Bxe4 35. Qxe4 Qxh4+ 36. Kd2 Qf2 37. Kd3 h4 38. Qe3 Qg2 39. Qe4 Qh3+ 40. Qe3
Qg4 41. Rh1 Qf5+ 42. Qe4 Qb5+ 43. Ke3 a5 44. Qd3 Qa4 45. Rxh4 axb4 46. axb4
Qxb4 47. Rh1 e5 48. fxe5 Bxe5 49. Qe4 Bg7 50. Rb1 Qd6 51. Kd3 Qc7 52. Rc1 Qd7
53. Qf4 Qd5 54. Ke3 Re8+ 55. Kf2 b5 56. Qd2 b4 57. Rc5 Bxd4+ 58. Nxd4 Qxc5 0-1

[Event "16. Obert Internacional Sant Martí 2014"]
[Site "Barcelona ESP"]
[Date "2014.07.13"]
[Round "1.4"]
[White "Grigoryan, Karen H"]
[Black "Capellades Subirana, Marc"]
[Result "1-0"]
[WhiteElo "2592"]
[BlackElo "2211"]
[PlyCount "71"]
[EventDate "2014.07.13"]
[EventType "swiss"]
[EventRounds "9"]
[EventCountry "ESP"]
[Source "lmi"]
[SourceDate "2014.07.13"]

1. d4 Nf6 2. c4 e6 3. Nc3 Bb4 4. f3 c5 5. d5 d6 6. e4 Bxc3+ 7. bxc3 O-O 8. Bg5
Qe7 9. Be2 exd5 10. cxd5 Nbd7 11. Nh3 h6 12. Bd2 Ne5 13. Nf2 Nh7 14. f4 Ng6 15.
O-O f5 16. Bh5 fxe4 17. Bxg6 e3 18. Qc2 Nf6 19. Bxe3 Qxe3 20. Rae1 Qxf4 21. Ne4
Qh4 22. Nxf6+ gxf6 23. Re7 f5 24. Rfe1 Qg5 25. Be8 b6 26. Bc6 Rb8 27. Rxa7 Rf7
28. Rxf7 Kxf7 29. Qe2 Bb7 30. Qe6+ Kg7 31. Qxd6 Rf8 32. Bxb7 Rf7 33. Bc8 Qd2
34. Qe5+ Kg6 35. Qg3+ Kh7 36. Bxf5+ 1-0

[Event "16. Obert Internacional Sant Martí 2014"]
[Site "Barcelona ESP"]
[Date "2014.07.13"]
[Round "1.5"]
[White "Lindh, Fredrik"]
[Black "Burmakin, Vladimir"]
[Result "0-1"]
[WhiteElo "2205"]
[BlackElo "2590"]
[PlyCount "94"]
[EventDate "2014.07.13"]
[EventType "swiss"]
[EventRounds "9"]
[EventCountry "ESP"]
[Source "lmi"]
[SourceDate "2014.07.13"]

1. e4 c6 2. d4 d5 3. e5 Bf5 4. Nd2 e6 5. Nb3 Nd7 6. Nf3 Ne7 7. Be2 h6 8. O-O
Bh7 9. Bd2 Ng6 10. c4 dxc4 11. Na5 Qb8 12. Nxc4 Be7 13. h4 Nb6 14. h5 Nf8 15.
Nxb6 axb6 16. Qb3 Nd7 17. Bf4 O-O 18. g4 Qd8 19. Qe3 Kh8 20. Kh2 f6 21. Bc4
fxe5 22. Bxe5 Nxe5 23. Nxe5 c5 24. Rad1 Bd6 25. Kg2 Qc7 26. f4 cxd4 27. Qxd4
Bxe5 28. fxe5 Rxf1 29. Rxf1 Rd8 30. Qf4 Qc6+ 31. Kg3 b5 32. Be2 Qc2 33. Bxb5
Qxb2 34. a4 Qc3+ 35. Kh4 Rd4 36. Qf8+ Bg8 37. Qf3 Qd2 38. Kg3 Rd5 39. Qe4 Qc3+
40. Rf3 Qc5 41. Qe3 Qc7 42. Qf4 Rxe5 43. Kh3 Qc5 44. Rd3 Re1 45. Qd4 Qg5 46.
Qf2 Rh1+ 47. Kg2 Rh4 0-1

[Event "16. Obert Internacional Sant Martí 2014"]
[Site "Barcelona ESP"]
[Date "2014.07.13"]
[Round "1.6"]
[White "Cruz, Cristhian"]
[Black "Dave, Dhyani"]
[Result "1-0"]
[WhiteElo "2563"]
[BlackElo "2201"]
[PlyCount "77"]
[EventDate "2014.07.13"]
[EventType "swiss"]
[EventRounds "9"]
[EventCountry "ESP"]
[Source "lmi"]
[SourceDate "2014.07.13"]

1. c4 e6 2. d4 d5 3. Nc3 c6 4. e3 Nf6 5. Nf3 Nbd7 6. Qc2 Bd6 7. e4 Nxe4 8. Nxe4
dxe4 9. Qxe4 Nf6 10. Qc2 Qa5+ 11. Bd2 Bb4 12. c5 Bxd2+ 13. Nxd2 O-O 14. Bd3 Qc7
15. Nf3 g6 16. O-O Bd7 17. Rfe1 Nd5 18. a3 f5 19. Re5 Rae8 20. Rae1 b5 21. Qd2
Kg7 22. Bb1 h6 23. Ba2 Nf6 24. R5e2 Re7 25. Bxe6 Ne4 26. Ba2 Be6 27. Qd3 Bxa2
28. b3 Bxb3 29. Qxb3 Rd7 30. Qb2 Rd5 31. Nd2 Qd8 32. Nxe4 fxe4 33. Rxe4 Rf7 34.
g3 Kh7 35. h4 Rfd7 36. h5 Rxh5 37. d5 Rg7 38. d6 Rf5 39. Re8 1-0

[Event "16. Obert Internacional Sant Martí 2014"]
[Site "Barcelona ESP"]
[Date "2014.07.13"]
[Round "1.7"]
[White "Asensio Linan, Teodoro"]
[Black "Vasquez Schroeder, Rodrigo"]
[Result "0-1"]
[WhiteElo "2189"]
[BlackElo "2551"]
[PlyCount "114"]
[EventDate "2014.07.13"]
[EventType "swiss"]
[EventRounds "9"]
[EventCountry "ESP"]
[Source "lmi"]
[SourceDate "2014.07.13"]

1. e4 e6 2. d4 d5 3. e5 c5 4. c3 Nc6 5. Nf3 Bd7 6. Bd3 cxd4 7. cxd4 Qb6 8. O-O
Nxd4 9. Ng5 Nc6 10. Re1 Bc5 11. Qf3 Nh6 12. Nc3 Nd4 13. Qf4 O-O-O 14. Be3 f6
15. exf6 gxf6 16. Nxe6 Nxe6 17. Qxh6 d4 18. Nd5 Qc6 19. Bf4 Qxd5 20. Be4 Nxf4
21. Bxd5 Nxd5 22. Rac1 b6 23. Qh5 Be8 24. Qg4+ Kb8 25. h4 Bc6 26. Re6 Bb7 27.
Qg3+ Ka8 28. h5 Rhg8 29. Qh2 d3 30. Rd1 Nc7 31. Rxf6 Rxg2+ 32. Qxg2 Bxg2 33.
Kxg2 Rd7 34. Kf3 Nd5 35. Rf5 Nb4 36. a3 Nc6 37. Rg5 h6 38. Rg2 a5 39. Ke4 Rd4+
40. Kf5 Bd6 41. Ke6 Kb7 42. Rg7+ Bc7 43. Rd7 Re4+ 44. Kf6 Rf4+ 45. Kg7 Ne5 46.
Re7 Kc6 47. Rc1+ Rc4 48. Rd1 Bd6 49. Ra7 Rg4+ 50. Kf6 Rf4+ 51. Ke6 Rxf2 52. b4
axb4 53. axb4 d2 54. Ra2 Nc4 55. Rc2 b5 56. Rc3 Bxb4 57. Rd3 Nb2 0-1

[Event "16. Obert Internacional Sant Martí 2014"]
[Site "Barcelona ESP"]
[Date "2014.07.13"]
[Round "1.8"]
[White "Lopez Martinez, Josep Manuel"]
[Black "Juan Bartroli, Pau"]
[Result "1-0"]
[WhiteElo "2548"]
[BlackElo "2179"]
[PlyCount "109"]
[EventDate "2014.07.13"]
[EventType "swiss"]
[EventRounds "9"]
[EventCountry "ESP"]
[Source "lmi"]
[SourceDate "2014.07.13"]

1. Nf3 d5 2. d4 Nf6 3. c4 c6 4. e3 a6 5. a4 g6 6. Nc3 Bg7 7. a5 O-O 8. Qb3 Ne4
9. cxd5 Nxc3 10. bxc3 cxd5 11. Be2 Nc6 12. Qa4 Qc7 13. O-O Bf5 14. Bb2 Rac8 15.
Rfc1 Qd7 16. Nd2 Nb8 17. Qb3 e5 18. Ba3 Rfd8 19. h3 Nc6 20. Bc5 Re8 21. Bf1 h5
22. Qd1 Nd8 23. Bb6 Rc6 24. Nf3 Qc8 25. dxe5 Rxc3 26. Rxc3 Qxc3 27. Rc1 Qa3 28.
Nd4 Be6 29. Bxd8 Rxd8 30. Nxe6 fxe6 31. Rb1 Qe7 32. Rb6 Bxe5 33. Qb1 Kg7 34.
Rxb7 Bc7 35. Bxa6 Rd7 36. Qa1+ Qf6 37. Qxf6+ Kxf6 38. g3 Re7 39. Rb5 Bd8 40.
Bc8 Rc7 41. Bb7 Rc1+ 42. Kg2 Ra1 43. a6 h4 44. gxh4 Ra2 45. Bc8 Ke5 46. Rb4 Kd6
47. Rg4 Rc2 48. Bb7 Bb6 49. Kf3 Ke5 50. Rxg6 d4 51. h5 dxe3 52. fxe3 Rc3 53. h6
Rxe3+ 54. Kg4 Kd6 55. h7 1-0

[Event "16. Obert Internacional Sant Martí 2014"]
[Site "Barcelona ESP"]
[Date "2014.07.13"]
[Round "1.9"]
[White "Newrkla, Katharina"]
[Black "Movsziszian, Karen"]
[Result "0-1"]
[WhiteElo "2167"]
[BlackElo "2520"]
[PlyCount "72"]
[EventDate "2014.07.13"]
[EventType "swiss"]
[EventRounds "9"]
[EventCountry "ESP"]
[Source "lmi"]
[SourceDate "2014.07.13"]

1. e4 g6 2. d4 Bg7 3. Nc3 d6 4. f4 Nc6 5. Nf3 Bg4 6. Be3 Bxf3 7. gxf3 d5 8. Qd2
e6 9. O-O-O Nge7 10. h4 h5 11. Kb1 Qd7 12. Na4 b6 13. Ba6 O-O 14. Nc3 Na5 15.
Rhg1 Kh7 16. f5 exf5 17. e5 Nc4 18. Bxc4 dxc4 19. Bg5 Nd5 20. Nxd5 Qxd5 21. Qf4
Rae8 22. c3 Re6 23. Bf6 Bxf6 24. exf6 Qd6 25. Qxd6 cxd6 26. d5 Re3 27. Rge1
Rfe8 28. Rxe3 Rxe3 29. Rd4 b5 30. a4 a6 31. axb5 axb5 32. Rd1 f4 33. Rd4 Rxf3
34. Re4 g5 35. hxg5 Kg6 36. Re7 h4 0-1

[Event "16. Obert Internacional Sant Martí 2014"]
[Site "Barcelona ESP"]
[Date "2014.07.13"]
[Round "1.10"]
[White "Rahman, Ziaur"]
[Black "Cortes Orihuela, Javier"]
[Result "0-1"]
[WhiteElo "2515"]
[BlackElo "2155"]
[PlyCount "104"]
[EventDate "2014.07.13"]
[EventType "swiss"]
[EventRounds "9"]
[EventCountry "ESP"]
[Source "lmi"]
[SourceDate "2014.07.13"]

1. d4 Nf6 2. Bg5 Ne4 3. Bf4 c5 4. f3 Qa5+ 5. c3 Nf6 6. d5 d6 7. e4 g6 8. Qd2
Nbd7 9. c4 Qxd2+ 10. Kxd2 Bg7 11. Nc3 O-O 12. Nh3 h6 13. Nf2 Nh5 14. Be3 f5 15.
exf5 gxf5 16. f4 a6 17. Be2 Ndf6 18. Rhe1 e6 19. Bf3 Rb8 20. Rab1 b5 21. cxb5
axb5 22. b4 exd5 23. bxc5 dxc5 24. Bxc5 Rd8 25. Bxh5 Nxh5 26. Nxb5 Bd7 27. a4
Ra8 28. Rb4 Rdc8 29. Bd4 Bf8 30. Rb2 Rxa4 31. Bc3 Bxb5 32. Rxb5 d4 33. Bb2 Bb4+
34. Rxb4 Rxb4 35. Nd3 Rbc4 36. Rc1 Rxc1 37. Bxc1 Nf6 38. Bb2 Ne4+ 39. Kd1 Rb8
40. Kc2 Rc8+ 41. Kd1 Nc5 42. Nxc5 Rxc5 43. Kd2 Ra5 44. Kc2 Kf7 45. Bxd4 Ke6 46.
Kb3 Kd5 47. Bg7 Ra6 48. g3 Ke4 49. Kc4 h5 50. Bf8 Ra2 51. h4 Rg2 52. Bh6 Rxg3
0-1

[Event "16. Obert Internacional Sant Martí 2014"]
[Site "Barcelona ESP"]
[Date "2014.07.13"]
[Round "1.11"]
[White "Bru Rullo, Llatzer"]
[Black "Gomez Garrido, Camilo Ernesto"]
[Result "0-1"]
[WhiteElo "2152"]
[BlackElo "2495"]
[PlyCount "72"]
[EventDate "2014.07.13"]
[EventType "swiss"]
[EventRounds "9"]
[EventCountry "ESP"]
[Source "lmi"]
[SourceDate "2014.07.13"]

1. e4 c5 2. Nf3 d6 3. Bb5+ Nd7 4. d4 cxd4 5. Qxd4 a6 6. Bxd7+ Bxd7 7. O-O e5 8.
Qd3 h6 9. c4 b5 10. Nfd2 Nf6 11. Nc3 Rb8 12. a4 bxa4 13. Nxa4 Bc6 14. Nc3 Nd7
15. Nd5 Nc5 16. Qc2 a5 17. b3 Be7 18. Nxe7 Kxe7 19. Ba3 Qb6 20. Qc3 Ra8 21. Kh1
g5 22. f3 f6 23. Bxc5 dxc5 24. g3 Rhd8 25. Rfd1 Qb4 26. Qxb4 cxb4 27. Ra2 a4
28. bxa4 Rxa4 29. Rb2 Ra3 30. Re1 Rad3 31. Re2 Ba4 32. Kg2 Bd1 33. Rf2 b3 34.
Kf1 Rxd2 35. Rbxd2 Rxd2 36. Rxd2 Bc2 0-1

[Event "16. Obert Internacional Sant Martí 2014"]
[Site "Barcelona ESP"]
[Date "2014.07.13"]
[Round "1.12"]
[White "Gonzalez Perez, Arian"]
[Black "Naslund, Mikael"]
[Result "1-0"]
[WhiteElo "2494"]
[BlackElo "2148"]
[PlyCount "99"]
[EventDate "2014.07.13"]
[EventType "swiss"]
[EventRounds "9"]
[EventCountry "ESP"]
[Source "lmi"]
[SourceDate "2014.07.13"]

1. e4 c5 2. Nf3 e6 3. d3 d6 4. c3 Nf6 5. g3 Be7 6. Bg2 O-O 7. O-O a6 8. Re1 b5
9. e5 dxe5 10. Nxe5 Ra7 11. a4 Qb6 12. Be3 Bb7 13. Bxb7 Rxb7 14. axb5 axb5 15.
d4 Nc6 16. dxc5 Bxc5 17. Bxc5 Qxc5 18. b4 Qb6 19. Nd3 Rd8 20. Qf3 Ne7 21. Nc5
Ra7 22. Rxa7 Qxa7 23. Qe2 Qb6 24. Na3 Rb8 25. Nc2 Ned5 26. Qd3 h5 27. Ra1 Rd8
28. Nd4 Nc7 29. Qf3 Rd5 30. h3 Nh7 31. Nd3 Ng5 32. Qe2 Nxh3+ 33. Kg2 Ng5 34.
Nf4 Rd8 35. Qxh5 Rxd4 36. cxd4 Qc6+ 37. Kf1 f6 38. Ng6 Qc4+ 39. Kg1 Qc3 40. Qd1
Nd5 41. Rc1 Qxd4 42. Rc8+ Kf7 43. Qh5 Qa1+ 44. Kh2 Nf3+ 45. Qxf3 Kxg6 46. Qg4+
Kf7 47. Qh5+ Ke7 48. Qe8+ Kd6 49. Rc6+ Ke5 50. Qxe6+ 1-0

[Event "16. Obert Internacional Sant Martí 2014"]
[Site "Barcelona ESP"]
[Date "2014.07.13"]
[Round "1.13"]
[White "Raghunandan, Kaumandur Srihari"]
[Black "Cuartas, Jaime Alexander"]
[Result "0-1"]
[WhiteElo "2148"]
[BlackElo "2483"]
[PlyCount "126"]
[EventDate "2014.07.13"]
[EventType "swiss"]
[EventRounds "9"]
[EventCountry "ESP"]
[Source "lmi"]
[SourceDate "2014.07.13"]

1. d4 d5 2. Nf3 Nf6 3. c4 c6 4. e3 e6 5. b3 c5 6. dxc5 Bxc5 7. Bb2 O-O 8. a3 a5
9. Nbd2 Nc6 10. cxd5 exd5 11. Qc2 Ba7 12. Bd3 h6 13. O-O Be6 14. Rac1 Rc8 15.
Qb1 Qe7 16. Qa1 Nh5 17. Be2 Rfd8 18. Nd4 Nxd4 19. Bxd4 Bxd4 20. Qxd4 Nf6 21. b4
axb4 22. axb4 Qd6 23. Nb3 b6 24. Ba6 Ng4 25. g3 Rxc1 26. Rxc1 Ne5 27. Nd2 Ra8
28. Ra1 Qc7 29. Bf1 Rb8 30. b5 Rd8 31. Qb2 Bf5 32. Rc1 Qe7 33. Qd4 Rd6 34. Bg2
Qe6 35. Rd1 Bg4 36. f3 Bh5 37. g4 Bg6 38. h3 Bd3 39. Bf1 Bxf1 40. Kxf1 f5 41.
f4 Nf7 42. Kf2 fxg4 43. Rg1 h5 44. hxg4 hxg4 45. Nf3 Qf5 46. Ne5 Qc2+ 47. Kg3
Nh6 48. Qd3 Nf5+ 49. Kxg4 Qxd3 50. Nxd3 Rg6+ 51. Kxf5 Rxg1 52. Ke5 Rb1 53. Kxd5
Rxb5+ 54. Kc4 Rb1 55. Nb4 Kf7 56. e4 Ke6 57. Nd3 Rd1 58. Nb4 Kd6 59. e5+ Ke6
60. Nc2 Rc1 61. Kd3 g6 62. Kd2 Rb1 63. Ne3 Rb4 0-1

[Event "16. Obert Internacional Sant Martí 2014"]
[Site "Barcelona ESP"]
[Date "2014.07.13"]
[Round "1.15"]
[White "Smirnov, Boris"]
[Black "Cruz, Jonathan"]
[Result "0-1"]
[WhiteElo "2145"]
[BlackElo "2471"]
[PlyCount "40"]
[EventDate "2014.07.13"]
[EventType "swiss"]
[EventRounds "9"]
[EventCountry "ESP"]
[Source "lmi"]
[SourceDate "2014.07.13"]

1. e4 e5 2. Nf3 Nc6 3. Bc4 Nf6 4. d3 Be7 5. a3 O-O 6. Nc3 d6 7. h3 Be6 8. Bxe6
fxe6 9. O-O Qe8 10. d4 Nh5 11. dxe5 dxe5 12. Qe2 Qg6 13. Nh2 Nd4 14. Qg4 Qf7
15. Bg5 Bd6 16. Rac1 h6 17. Be3 Rad8 18. Bxd4 exd4 19. Nb5 Bxh2+ 20. Kxh2 a6
0-1

[Event "16. Obert Internacional Sant Martí 2014"]
[Site "Barcelona ESP"]
[Date "2014.07.13"]
[Round "1.16"]
[White "Ghosh, Diptayan"]
[Black "Sanchez Lopez, Juan Manuel"]
[Result "1-0"]
[WhiteElo "2468"]
[BlackElo "2141"]
[PlyCount "103"]
[EventDate "2014.07.13"]
[EventType "swiss"]
[EventRounds "9"]
[EventCountry "ESP"]
[Source "lmi"]
[SourceDate "2014.07.13"]

1. c4 c5 2. g3 Nc6 3. Bg2 g6 4. Nc3 Bg7 5. Nf3 e5 6. O-O Nge7 7. a3 d6 8. b4
Be6 9. Ng5 Bxc4 10. d3 h6 11. dxc4 hxg5 12. Bxg5 f6 13. Bd2 Qd7 14. Rb1 cxb4
15. axb4 Nd4 16. e3 Ne6 17. Qa4 Qxa4 18. Nxa4 O-O-O 19. b5 b6 20. Ra1 Nc7 21.
Bb4 Kb8 22. Rfd1 Nc8 23. Rd2 f5 24. Rad1 Bf8 25. Nc3 e4 26. Na2 Rg8 27. Bf1 a5
28. bxa6 Nxa6 29. Ba3 Be7 30. Nc3 Nc7 31. Rb1 Kb7 32. Na4 Kc6 33. Bg2 Bf6 34.
f3 d5 35. cxd5+ Nxd5 36. fxe4 Nxe3 37. e5+ Nxg2 38. Rc2+ Kd5 39. exf6 Ne3 40.
Re2 Nc4 41. f7 Nxa3 42. fxg8=Q+ Rxg8 43. Nxb6+ Nxb6 44. Rxb6 Nc4 45. Rb1 Kd4
46. Rd1+ Kc3 47. Re6 Rc8 48. Rxg6 Kc2 49. Re1 Kd2 50. Rge6 Ra8 51. R6e2+ Kd3
52. Kf2 1-0

[Event "16. Obert Internacional Sant Martí 2014"]
[Site "Barcelona ESP"]
[Date "2014.07.13"]
[Round "1.17"]
[White "Beaskoa Estany, Gabriel"]
[Black "Dukaczewski, Piotr"]
[Result "0-1"]
[WhiteElo "1893"]
[BlackElo "2303"]
[PlyCount "88"]
[EventDate "2014.07.13"]
[EventType "swiss"]
[EventRounds "9"]
[EventCountry "ESP"]
[Source "lmi"]
[SourceDate "2014.07.13"]

1. e4 c5 2. Nf3 e6 3. d4 cxd4 4. Nxd4 a6 5. Bd3 Qc7 6. O-O Nf6 7. Qe2 d6 8. c4
Be7 9. Rd1 O-O 10. Nc3 Nc6 11. Nxc6 Qxc6 12. h3 e5 13. Be3 Be6 14. Rac1 Nd7 15.
b4 g6 16. b5 Qc8 17. Nd5 Bd8 18. Bh6 Re8 19. Ne3 Nc5 20. Bb1 Be7 21. f4 exf4
22. Bxf4 Qc7 23. Nd5 Bxd5 24. Rxd5 Bf8 25. Qf3 Qb6 26. Kh1 axb5 27. Rf1 Re6 28.
Bxd6 Bxd6 29. Qxf7+ Kh8 30. Qf2 bxc4 31. e5 Be7 32. Qd4 Rf8 33. Rc1 Nd3 34.
Qxb6 Rxb6 35. Bxd3 cxd3 36. Rxd3 Re6 37. Rd5 Rf5 38. Rc8+ Kg7 39. Rc7 b6 40.
Rb7 Kh6 41. g4 Rf2 42. Rdd7 Rc6 43. Kg1 Rxa2 44. g5+ Kxg5 0-1

[Event "16. Obert Internacional Sant Martí 2014"]
[Site "Barcelona ESP"]
[Date "2014.07.13"]
[Round "1.19"]
[White "Huerga Leache, Mikel"]
[Black "Matsenko, Vadim"]
[Result "1-0"]
[WhiteElo "2458"]
[BlackElo "2108"]
[PlyCount "147"]
[EventDate "2014.07.13"]
[EventType "swiss"]
[EventRounds "9"]
[EventCountry "ESP"]
[Source "lmi"]
[SourceDate "2014.07.13"]

1. d4 Nf6 2. c4 e6 3. g3 Bb4+ 4. Bd2 Bxd2+ 5. Qxd2 d5 6. Bg2 O-O 7. Nf3 c5 8.
dxc5 Ne4 9. Qc2 Qa5+ 10. Nbd2 Qxc5 11. O-O Nxd2 12. Nxd2 b5 13. b4 Qc7 14. c5
Nc6 15. Qb2 a5 16. a3 Bd7 17. f4 Rfb8 18. e4 axb4 19. exd5 bxa3 20. Rxa3 exd5
21. Rxa8 Rxa8 22. Bxd5 Rb8 23. Ne4 Ne7 24. Bb3 Bf5 25. Ng5 Qxc5+ 26. Qf2 Qxf2+
27. Kxf2 Bg6 28. Re1 Kf8 29. g4 h6 30. Nf3 f6 31. Nd4 Be8 32. Ne6+ Kg8 33. Nc5+
Kf8 34. g5 hxg5 35. Ne6+ Kf7 36. fxg5 fxg5 37. Nc5+ Kf8 38. Ne6+ Kf7 39. Nxg5+
Kg6 40. h4 Nc6 41. Rxe8 Rxe8 42. Bf7+ Kh6 43. Bxe8 Nd4 44. Kg3 g6 45. Nf7+ Kh5
46. Kh3 Nf3 47. Bxb5 g5 48. Be2 g4+ 49. Kg3 Nxh4 50. Bxg4+ Kg6 51. Nd6 Kg5 52.
Ne4+ Kg6 53. Kxh4 Kh6 54. Be6 Kg6 55. Kg4 Kh6 56. Kf5 Kg7 57. Kg5 Kh7 58. Kf6
Kh8 59. Nd6 Kh7 60. Nf7 Kg8 61. Bf5 Kf8 62. Bh7 Ke8 63. Ne5 Kd8 64. Ke6 Kc7 65.
Nd7 Kc6 66. Bd3 Kc7 67. Bb5 Kd8 68. Kd6 Ke8 69. Bc4 Kd8 70. Bf7 Kc8 71. Nc5 Kb8
72. Be6 Ka7 73. Kc7 Ka8 74. Kb6 1-0

[Event "16. Obert Internacional Sant Martí 2014"]
[Site "Barcelona ESP"]
[Date "2014.07.13"]
[Round "1.20"]
[White "Bernat, Ernest"]
[Black "Munoz Pantoja, Miguel"]
[Result "0-1"]
[WhiteElo "2101"]
[BlackElo "2457"]
[PlyCount "88"]
[EventDate "2014.07.13"]
[EventType "swiss"]
[EventRounds "9"]
[EventCountry "ESP"]
[Source "lmi"]
[SourceDate "2014.07.13"]

1. e4 d5 2. exd5 Qxd5 3. Nc3 Qa5 4. Nf3 Bg4 5. Be2 Nc6 6. d4 O-O-O 7. Be3 Nf6
8. h3 Bxf3 9. Bxf3 e5 10. d5 Bb4 11. Bd2 Bxc3 12. Bxc3 Qb5 13. Be2 Qc5 14. Bf3
Qc4 15. Qe2 Qxe2+ 16. Kxe2 Nxd5 17. Bxd5 Rxd5 18. Rhd1 Rhd8 19. Rxd5 Rxd5 20.
f4 f6 21. fxe5 Nxe5 22. Rf1 Kd7 23. Rf4 c5 24. b3 Ke6 25. Bb2 g5 26. Rf1 f5 27.
c4 Rd7 28. Bxe5 Kxe5 29. Re1 f4 30. Kf3+ Kf5 31. Re2 Rd3+ 32. Kf2 h5 33. Re7
Rd2+ 34. Kf1 Rxa2 35. Rxb7 g4 36. hxg4+ hxg4 37. Rc7 Kg5 38. Rxc5+ Kh4 39. Re5
Kg3 40. Re1 Rf2+ 41. Kg1 Rxg2+ 42. Kh1 Rh2+ 43. Kg1 f3 44. Re3 Re2 0-1

[Event "16. Obert Internacional Sant Martí 2014"]
[Site "Barcelona ESP"]
[Date "2014.07.13"]
[Round "1.21"]
[White "Saptarshi, Roy"]
[Black "Pozanco Romasanta, Marc"]
[Result "1-0"]
[WhiteElo "2449"]
[BlackElo "2088"]
[PlyCount "57"]
[EventDate "2014.07.13"]
[EventType "swiss"]
[EventRounds "9"]
[EventCountry "ESP"]
[Source "lmi"]
[SourceDate "2014.07.13"]

1. e4 c6 2. d4 d5 3. f3 dxe4 4. fxe4 e5 5. Nf3 exd4 6. Bc4 Be6 7. Bxe6 fxe6 8.
Qxd4 Qxd4 9. Nxd4 Kd7 10. Rf1 Ne7 11. Nc3 e5 12. Nf3 Ng6 13. Be3 Be7 14. O-O-O+
Kc7 15. Ng5 Bxg5 16. Bxg5 Rf8 17. Rxf8 Nxf8 18. Bd8+ Kc8 19. Be7 Ng6 20. Rd8+
Kc7 21. Bg5 h6 22. Rg8 hxg5 23. Rxg7+ Nd7 24. Rxg6 Rh8 25. h3 Rh5 26. Kd2 Nc5
27. Ke3 Kd7 28. Rg7+ Kd6 29. Ne2 1-0

[Event "16. Obert Internacional Sant Martí 2014"]
[Site "Barcelona ESP"]
[Date "2014.07.13"]
[Round "1.22"]
[White "Vigo Allepuz, David"]
[Black "Panelo, Marcelo"]
[Result "0-1"]
[WhiteElo "2085"]
[BlackElo "2448"]
[PlyCount "122"]
[EventDate "2014.07.13"]
[EventType "swiss"]
[EventRounds "9"]
[EventCountry "ESP"]
[Source "lmi"]
[SourceDate "2014.07.13"]

1. d4 Nf6 2. c4 e6 3. Nc3 Bb4 4. e3 O-O 5. Bd3 d5 6. Nge2 c5 7. cxd5 cxd4 8.
exd4 Nxd5 9. O-O Nc6 10. a3 Be7 11. Be4 Bf6 12. Qa4 Nce7 13. Qb3 b6 14. Be3 Ba6
15. Nxd5 Nxd5 16. Rfe1 Rc8 17. Bd3 Bxd3 18. Qxd3 Rc7 19. Rac1 Rd7 20. Red1 g6
21. h3 Bg7 22. Qb3 Qe7 23. Rd3 Rfd8 24. Rcd1 Qh4 25. Bd2 h6 26. Be1 Nf4 27.
Nxf4 Qxf4 28. Bd2 Qe4 29. Be3 Rd5 30. f3 Qh4 31. Bf2 Qf4 32. Be3 Qg3 33. Bf2
Qb8 34. Qc2 R8d7 35. Qc4 g5 36. Be3 Qd8 37. Rc1 e5 38. Qa6 Ra5 39. Qc8 exd4 40.
Qxd8+ Rxd8 41. Rc7 Rad5 42. Bd2 R8d7 43. Rc8+ Rd8 44. Rc7 R5d7 45. Rc6 Re8 46.
b4 b5 47. Rc5 a6 48. f4 gxf4 49. Bxf4 Re6 50. Kh2 Rde7 51. Rc8+ Kh7 52. Rd8 Re4
53. Kg3 Re3+ 54. Bxe3 dxe3 55. Rd1 Bc3 56. Ra8 e2 57. Rc1 e1=Q+ 58. Rxe1 Bxe1+
59. Kf3 Re6 60. g4 Kg7 61. Rc8 Bd2 0-1

[Event "16. Obert Internacional Sant Martí 2014"]
[Site "Barcelona ESP"]
[Date "2014.07.13"]
[Round "1.23"]
[White "Hansen, Torbjorn Ringdal"]
[Black "Monedero Gonzalez, Josep"]
[Result "1-0"]
[WhiteElo "2448"]
[BlackElo "2071"]
[PlyCount "25"]
[EventDate "2014.07.13"]
[EventType "swiss"]
[EventRounds "9"]
[EventCountry "ESP"]
[Source "lmi"]
[SourceDate "2014.07.13"]

1. e4 e6 2. d4 d5 3. Nd2 Nc6 4. Ngf3 Nf6 5. e5 Nd7 6. Nb3 f6 7. Bb5 a5 8. a4
Ncb8 9. O-O f5 10. Ng5 Qe7 11. Nc5 c6 12. Ncxe6 Nxe5 13. Re1 1-0